| 000 | 00649nam a2200229Ia 4500 | ||
|---|---|---|---|
| 003 | GCL | ||
| 008 | 140319s9999 xx 000 0 ara d | ||
| 040 |
_aGCL / _cGCL |
||
| 082 | 0 | 4 |
_a939.5 _bد ت |
| 100 | 1 | _aدنلوب، د0م | |
| 245 | 1 | 0 |
_aتاريخ يهود الخزر / _cدنلوب، د0م |
| 700 | 1 | _aسهيل زكار | |
| 260 |
_a[S.N] : _bدار حسان للطباعة والنشر ، _c1990 |
||
| 300 | _a356 ص | ||
| 490 | _a | ||
| 650 | 0 | 4 | _aتاريخ |
| 650 | 0 | 4 | _aتاريخ الخزر |
| 650 | 0 | 4 | _aيهود الخزر |
| 650 | 0 | 4 | _aاليهود - تاريخ |
| 650 | 0 | 4 | _aابادة الشعوب |
| 942 |
_2ddc _cBK |
||
| 999 |
_c31620 _d31620 |
||